Guía de la Biblia : Nuevo Testamento /

שמור ב:
מידע ביבליוגרפי
מחבר ראשי: Asimov, Isaac (autor)
מחברים אחרים: Gómez Ibáñez, Benito (traducción) (traducción)
פורמט: ספר
שפה:ספרדית
יצא לאור: Barcelona, España : Plaza y Janés, 1989, c1988
תגים: הוספת תג
אין תגיות, היה/י הראשונ/ה לתייג את הרשומה!

MARC

LEADER 00000nam^a2200000^a^4500
001 000560843
005 20250521000000.0
009 20260310131911.895
020 |a 84-01-45083-7 
037 |a Acervo ITESO - Biblioteca 
041 |a ESP 
091 |a FGM. 01306 
100 |a Asimov, Isaac  |e (autor) 
245 1 0 |a Guía de la Biblia :  |b Nuevo Testamento / 
264 4 |a Barcelona, España :  |b Plaza y Janés,  |c 1989, c1988 
300 |a 525 p. 
336 |a texto  |b txt  |2 rdacontenido 
337 |a sin mediación  |b n  |2 rdamedio 
338 |a volumen  |b nc  |2 rdasoporte 
649 |a XX 
700 |a Gómez Ibáñez, Benito  |e (traducción) 
910 |a Fondo Efraín González Morfín 
920 |a Impresos - Libros 
930 |a Fondos Especiales 
905 |a 130 
901 |a 0500378025  |b IT2  |c ESL  |i D95972  |u 20250521 
902 |a https://opac.biblio.iteso.mx/vufind/Record/000560843